000 00607cam a22002293a 4500
001 12495
003 PGUSA
005 20140828083252.0
008 040601s2004||||xxu|||||s|||||000 | eng d
040 _aPGUSA
_beng
042 _adc
050 4 _aPS
100 1 _aBower, B. M.,
_d1874-1940
245 1 0 _aCasey Ryan
_h[electronic resource] /
_cB. M. Bower
260 _bProject Gutenberg,
_c2004
506 _aPublic domain in the USA.
516 _aElectronic text
653 _aWestern stories
830 0 _aProject Gutenberg
_v12495
856 4 0 _uhttp://www.gutenberg.org/ebooks/12495
942 _cEB
999 _c241750
_d241750